000 00904nam a2200229 4500
001 148748
003 ES-MaACL
005 20240228214408.0
007 t|
008 070214s1921 sp r ||||1| spa d
100 1 _aSuárez, Constantino.
_9108549
245 1 0 _aIdeas, autores y libros :
_becos del 98 ; España y el desastre europeo ; Espejismos políticos y sociales ; Cosas hispano-americanas : disquisiciones entretenidas /
_cpor Constantino Suárez (Españolito) [seud.].
246 3 _aEspaña y el desastre europeo
246 3 _aEspejismos políticos y sociales
246 3 _aCosas hispano-americanas :
_bdisquisiciones entretenidas
260 _aBarcelona :
_bB. Bauzá,
_c1921.
300 _a293 p. ;
_c19 x 12 cm.
650 4 _aGeneración del 98 (Literatura)
_913051
651 4 _aEspaña-
_xHistoria-
_y1898
_98272
852 _aES-MaACL
_jF-2932
999 _c148748
_d148748